Normal view
MARC view
Entry Personal Name
001 - CONTROL NUMBER
- control field: 46253
003 - CONTROL NUMBER IDENTIFIER
- control field: dpl
005 - DATE AND TIME OF LATEST TRANSACTION
- control field: 20120503113249.0
008 - FIXED-LENGTH DATA ELEMENTS
- fixed length control field: 120503|||a|||||| | ||| d
040 ## - CATALOGING SOURCE
- Original cataloging agency: dpl
- Transcribing agency: dpl
100 ## - HEADING--PERSONAL NAME
- Personal name: पालीवाल, नारायणदत्त
670 ## - SOURCE DATA FOUND
- Source citation: Work cat.: (dpl): पालीवाल, नारायणदत्त, प्रशासनिक हिन्दी टीप एवं पत्र-लेखन /, 1992
670 ## - SOURCE DATA FOUND
- Source citation: Work cat.: (dpl): पालीवाल, नारायणदत्त, प्रशासनिक हिन्दी टीप एवं पत्र-लेखन /, 1992
